Periodistas, guerra y terrorismo : (Registro nro. 5218)
[ vista simple ]
| 000 -LEADER | |
|---|---|
| fixed length control field | 01505nam a2200277Ia 4500 |
| 003 - CONTROL NUMBER IDENTIFIER | |
| control field | OSt |
| 005 - DATE AND TIME OF LATEST TRANSACTION | |
| control field | 20200418000134.0 |
| 008 - FIXED-LENGTH DATA ELEMENTS--GENERAL INFORMATION | |
| fixed length control field | 191128s2004 ck ao 100 0 spa d |
| 020 ## - INTERNATIONAL STANDARD BOOK NUMBER | |
| International Standard Book Number | 9588200245 |
| 040 ## - CATALOGING SOURCE | |
| Original cataloging agency | CO-JMCR |
| Transcribing agency | CO-JMCR |
| 041 0# - LANGUAGE CODE | |
| Language code of text/sound track or separate title | spa |
| 082 04 - DEWEY DECIMAL CLASSIFICATION NUMBER | |
| Classification number | 323.445 / |
| Item number | F727p |
| Edition number | 23 |
| 111 2# - MAIN ENTRY--MEETING NAME | |
| Meeting name or jurisdiction name as entry element | Foro Internacional Periodistas, Guerra y Terrorismo |
| Date of meeting or treaty signing | (2003 : |
| Location of meeting | Bogotá) |
| 9 (RLIN) | 3202 |
| 245 10 - TITLE STATEMENT | |
| Title | Periodistas, guerra y terrorismo : |
| Remainder of title | foro internacional / |
| Statement of responsibility, etc. | Diana Sofía Giraldo directora de la edición |
| 250 ## - EDITION STATEMENT | |
| Edition statement | Primera edición |
| 260 ## - PUBLICATION, DISTRIBUTION, ETC. | |
| Place of publication, distribution, etc. | Bogotá : |
| Name of publisher, distributor, etc. | Universidad Sergio Arboleda, |
| Date of publication, distribution, etc. | 2004 |
| 300 ## - PHYSICAL DESCRIPTION | |
| Extent | 232 páginas : |
| Other physical details | fotografías a color ; |
| Dimensions | 24 cm. |
| 505 0# - FORMATTED CONTENTS NOTE | |
| Miscellaneous information | Las mentiras y la guerra / |
| Title | Melo Guevara, Gabriel |
| Miscellaneous information | Conferencia inaugural / |
| Title | López Michelsen, Alfonso |
| Miscellaneous information | Cubrimiento periodístico de actos terroristas / |
| Title | Giraldo, Diana Sofía |
| Miscellaneous information | La batalla de España frente al terrorismo de la ETA / |
| Title | Gonzáles Hermosilla, Caye |
| 520 ## - SUMMARY, ETC. | |
| Summary, etc. | El foro periodistas, guerra y terrorismo se realizó en la ciudad de Bogotá, Colombia, los dás 29 y 30 de enero del 2003, con el apoyo de la Oficina de Cultura y Prensa de la Embajada de Estados Unidos, Las universidades Georgetwn de Washington |
| 546 ## - LANGUAGE NOTE | |
| Language note | spa |
| 650 14 - SUBJECT ADDED ENTRY--TOPICAL TERM | |
| Topical term or geographic name entry element | Periodismo |
| Source of heading or term | |
| Chronological subdivision | Siglo XX |
| Geographic subdivision | Colombia |
| 9 (RLIN) | 3203 |
| 650 14 - SUBJECT ADDED ENTRY--TOPICAL TERM | |
| Topical term or geographic name entry element | Terrorismo |
| Form subdivision | congresos, conferencias, etc. |
| Geographic subdivision | Colombia |
| 9 (RLIN) | 3204 |
| 650 14 - SUBJECT ADDED ENTRY--TOPICAL TERM | |
| Topical term or geographic name entry element | Conflicto armado |
| Form subdivision | congresos, conferencias, etc. |
| Geographic subdivision | Colombia |
| 9 (RLIN) | 3205 |
| 700 1# - ADDED ENTRY--PERSONAL NAME | |
| Personal name | Giraldo de Melo, Diana Sofía, |
| Relator term | editor |
| 9 (RLIN) | 3206 |
| 942 ## - ADDED ENTRY ELEMENTS (KOHA) | |
| Source of classification or shelving scheme | Dewey Decimal Classification |
| Koha item type | Books |
| Withdrawn status | Lost status | Source of classification or shelving scheme | Damaged status | Not for loan | Collection code | Home library | Current library | Date acquired | Source of acquisition | Cost, normal purchase price | Total Checkouts | Full call number | Barcode | Date last seen | Copy number | Koha item type |
|---|---|---|---|---|---|---|---|---|---|---|---|---|---|---|---|---|
| Dewey Decimal Classification | Non-fiction | Biblioteca Pública José María del Castillo y Rada | Biblioteca Pública José María del Castillo y Rada | 04/15/2018 | Donación | 0.00 | 323.445 / F727p | 430001549 | 05/16/2024 | Ej.1 | Books |